000
00467nam a2200181Ia 4500
008
151018s9999 xx 000 0 und d
082
_b
RBASDV15209
_a
891.433
100
_a
चंन्दर
245
_a
फरार
250
_b
1
260
_b
हिंद पॉकेट बुक्स
_c
1968
300
_a
176
600
_a
चंन्दर
630
_a
फरार
700
_a
चंन्दर
730
_a
फरार
942
_c
BOOK
999
_c
1015936
_d
1015933